000 00479nam a22001817a 4500
005 20140620121037.0
010 _aENG-110329
020 _a9789382025962
_c125.00
035 _aEN-93861
037 _bDBAD/PUB
082 _aN
100 _aKumar Navneet
245 _aI love you/
_cby Kumar Navneet
260 _aNew Delhi
_bPigeon Books India
_c2012
270 _al-2/16, Ansari Road, Daryaganj
_bNew Delhi
_e110002
300 _a142p.
_c22cm(pbk)
942 _2ddc
_cEN
_mKUM
_hN
999 _c85122
_d85122